000
00327pab a2200145 454500
008
180718b1989 xxu||||| |||| 00| 0 eng d
100
_a
Watt, Ian
245
_a
Leadership in the police service
260
_c
1989
300
_a
13-21
362
_a
Jan.-Mar.
650
_a
Police
773
_a
Police Journal
909
_a
15115
999
_c
15115
_d
15115